000 00368nam a2200145Ia 4500
008 220204s9999 xx 000 0 und d
082 _a581.1
_bHOP
100 _aHopkins, William G
245 0 _aIntroduction to plant physiology
250 _aEd.2
260 _aNew York
_bJohn Wiley
_c1999
650 _aStress physiology
650 _aWater relations
942 _cBK
999 _c41598
_d41598